Tổ chức chính quyền địa phương Cộng Hoà Liên Bang Đức

में बचाया:
ग्रंथसूची विवरण
मुख्य लेखक: Nguyễn, Kim Thoa
स्वरूप: पुस्तक
भाषा:Undetermined
प्रकाशित: Hà Nội Tư Pháp 2005
विषय:
टैग : टैग जोड़ें
कोई टैग नहीं, इस रिकॉर्ड को टैग करने वाले पहले व्यक्ति बनें!
Thư viện lưu trữ: Trung tâm Học liệu Trường Đại học Cần Thơ
LEADER 00646nam a2200217Ia 4500
001 CTU_105256
008 210402s9999 xx 000 0 und d
020 |c 32000 
082 |a 352.432 
082 |b Th401 
100 |a Nguyễn, Kim Thoa 
245 0 |a Tổ chức chính quyền địa phương Cộng Hoà Liên Bang Đức 
245 0 |c Nguyễn Kim Thoa, Nguyễn Sỹ Đại 
260 |a Hà Nội 
260 |b Tư Pháp 
260 |c 2005 
650 |a Local government 
650 |x Law and legislation 
650 |z Germany 
904 |i Minh 
980 |a Trung tâm Học liệu Trường Đại học Cần Thơ